000 00565nam a2200217Ia 4500
999 _c126569
_d126569
003 0100
005 20170727090515.0
008 130303s9999 xx 000 0 und d
040 _cARRUPELIB
050 _aB808.5.G6 1979
100 _aGorovitz, Samuel
_933607
245 _aPhilosophical analysis
245 _ban introduction to its language and techniques
260 _aNew York
260 _bRandom House
300 _a170p.
300 _b 21cm.
650 _aPHILOSOPHY
_933608
700 _aProvence, Merrill ; Provence, Donald ; Williams, Ron G. (ed.)
_933609
942 0 0 _03
_2lcc
_cMONOGRAPH